000 00227 a2200109 4500
020 _a9780060883287
041 _aeng
100 _aGabriel Garcia Marquez
245 _aOne Hundred Years Of Solitude
942 _cBK
952 _71
999 _c23465
_d23465